ARRUPE JESUIT UNIVERSITY

CORONAVIRUS -STOP THE SPREAD - CLEAN,DISINFECT,COVER

Time for Aristotle (Record no. 2519)

MARC details
000 -LEADER
fixed length control field 00652nam a2200253Ia 4500
003 - CONTROL NUMBER IDENTIFIER
control field 0100
008 - FIXED-LENGTH DATA ELEMENTS--GENERAL INFORMATION
fixed length control field 130227s9999 xx 000 0 und d
020 ## - INTERNATIONAL STANDARD BOOK NUMBER
International Standard Book Number 9780199556700
040 ## - CATALOGING SOURCE
Transcribing agency ARRUPELIB
050 ## - LIBRARY OF CONGRESS CALL NUMBER
Classification number B445.A5C776
100 ## - MAIN ENTRY--PERSONAL NAME
Personal name Aristotle
245 ## - TITLE STATEMENT
Title Time for Aristotle
245 ## - TITLE STATEMENT
Remainder of title Physics book IV. 10-14
260 ## - PUBLICATION, DISTRIBUTION, ETC. (IMPRINT)
Place of publication, distribution, etc Oxford
260 ## - PUBLICATION, DISTRIBUTION, ETC. (IMPRINT)
Name of publisher, distributor, etc Clarendon Press
260 ## - PUBLICATION, DISTRIBUTION, ETC. (IMPRINT)
-- 2005
300 ## - PHYSICAL DESCRIPTION
Extent 194p
300 ## - PHYSICAL DESCRIPTION
Other physical details 22cm
650 ## - SUBJECT ADDED ENTRY--TOPICAL TERM
Topical term following geographic name as entry element Thomas, Aquinas, Saint, 1225?-1274
650 ## - SUBJECT ADDED ENTRY--TOPICAL TERM
Location of event Christian ethics - Catholic authors
650 ## - SUBJECT ADDED ENTRY--TOPICAL TERM
Active dates Emotions - Religious aspects - Catholic Church
700 ## - ADDED ENTRY--PERSONAL NAME
Personal name Coope, Ursula (tr)
942 ## - ADDED ENTRY ELEMENTS (KOHA)
Source of classification or shelving scheme Library of Congress Classification
Koha issues (borrowed), all copies 1
Holdings
Withdrawn status Lost status Source of classification or shelving scheme Damaged status Not for loan Collection code Home library Current library Shelving location Date acquired Total Checkouts Full call number Barcode Date last seen Date last borrowed Copy number Price effective from Koha item type
    Library of Congress Classification     Main Collection ARRUPE LIBRARY ARRUPE LIBRARY Main Collection 27/02/2013 4 B445.A5C776 46403571 04/05/2023 30/03/2023 1 27/02/2013 Monograph ( Printed materials)

 

Arrupe Library. PO Box MP320 Mt Pleasant, Harare, Zimbabwe
263 242 745411|librarian@aju.ac.zw